पंडित जवाहरलाल नेहरू... झलक. (Record no. 1281534)

MARC details
000 -LEADER
fixed length control field 00696nam a2200181Ia 4500
008 - FIXED-LENGTH DATA ELEMENTS--GENERAL INFORMATION
fixed length control field 151202s9999||||xx |||||||||||||| ||und||
082 ## - DEWEY DECIMAL CLASSIFICATION NUMBER
Item number PNVM-15549
100 ## - MAIN ENTRY--PERSONAL NAME
Personal name टण्डन (शि.).
245 ## - TITLE STATEMENT
Title पंडित जवाहरलाल नेहरू... झलक.
260 ## - PUBLICATION, DISTRIBUTION, ETC. (IMPRINT)
Name of publisher, distributor, etc "महाराष्ट्र राष्ट्रभाषा सभा, पुणे."
260 ## - PUBLICATION, DISTRIBUTION, ETC. (IMPRINT)
Date of publication, distribution, etc 0
300 ## - PHYSICAL DESCRIPTION
Extent 112
600 ## - SUBJECT ADDED ENTRY--PERSONAL NAME
Personal name टण्डन (शि.).
630 ## - SUBJECT ADDED ENTRY--UNIFORM TITLE
Uniform title पंडित जवाहरलाल नेहरू... झलक.
700 ## - ADDED ENTRY--PERSONAL NAME
Personal name टण्डन (शि.).
730 ## - ADDED ENTRY--UNIFORM TITLE
Uniform title पंडित जवाहरलाल नेहरू... झलक.
942 ## - ADDED ENTRY ELEMENTS (KOHA)
Koha item type Book
Holdings
Withdrawn status Lost status Damaged status Not for loan Home library Current library Date acquired Cost, normal purchase price Total Checkouts Full call number Barcode Date last seen Cost, replacement price Price effective from Koha item type
        Pune Nagar Vachan Mandir, Pune Pune Nagar Vachan Mandir, Pune 07/09/2015 0.00   PNVM-15549 PNVM-15549 12/02/2015 0.00 12/02/2015 Book